• 首页
  • 本馆介绍
  • 公告通知
  • 最新文献
  • 馆藏检索
  • 电子资源
  • 读者导购
  • 参考咨询
  • 我的图书馆
  • 登录
  • 详细信息显示
  • 放入我的书架
  • 预约/预借图书
  • 作者相关作品
  • 分类相关作品
  • 丛书相关作品
  • 出版社相关作品

书目信息

  • 表格格式
  • 工作单格式
  • 卡片格式
题名:
自我评论
    
 
作者: 克罗齐 著 ;田时纲 译
分册:  
出版信息: 北京   中国社会科学出版社  2007
页数: 168页
开本: 21cm
丛书名:
单 册:
中图分类: B546
科图分类:
主题词:
电子资源:
ISBN: 978-7-5004-5852-4
000 01035nam0 2200265 450
001 1163553387
005 20111003173955.14
010    @a978-7-5004-5852-4@dCNY15.00
100    @a20070228d2007 em y0chiy50 ea
101 1  @achi@cita
102    @aCN@b110000
105    @aa z 000yd
200 1  @a自我评论@9zi wo ping lun@dContributo alla critica di me stesso@f(意)克罗齐(Benedetto Croce)著@g田时纲译@zita
210    @a北京@c中国社会科学出版社@d2007
215    @a168页@c照片@d21cm
305    @a据Adelphi Edizioni 1993年版译出
330    @a克罗齐是20世纪意大利著名的哲学家、史学家、美学家和政治家。本书是他的自传,同时收录了其他人的评论文章和生卒年表。
510 1  @aContributo alla critica di me stesso@zita
600  0 @a克罗齐@c(Croce, Benedetto@f1866-1952)@x传记
600  0 @a克罗齐@c(Croce, Benedetto@f1866-1952)
690    @aB546@v4
701  0 @c(意)@a克罗齐@9ke luo qi@c(Croce,Benedetto@f1866~1952)@4著
702  0 @a田时纲@9tian shi gang@f(1945.4~)@4译
801  0 @aCN@b91MARC@c20101222
905    @a10447@dB546@eJY94
    
    自我评论=Contributo alla critica di me stesso/(意)克罗齐(Benedetto Croce)著/田时纲译.-北京:中国社会科学出版社,2007
    168页:照片;21cm
    
    
    ISBN 978-7-5004-5852-4:CNY15.00
    克罗齐是20世纪意大利著名的哲学家、史学家、美学家和政治家。本书是他的自传,同时收录了其他人的评论文章和生卒年表。
●
相关链接 在E读中查询图书 在五车中查询图书 在当当中查询图书 在豆瓣中查询图书


正题名:自我评论     索取号:B546/JY94         预约/预借

序号 登录号 条形码 馆藏地/架位号 状态 备注
1 7824965   278249655   学院路分馆/ [索取号:B546/JY94] 在馆    
2 7824966   278249664   学院路分馆/ [索取号:B546/JY94] 在馆    
唐山师范学院图书馆 欢迎您!
大连网信软件有限公司© 版权所有